| 000 | 00472nam a2200157Ia 4500 | ||
|---|---|---|---|
| 003 | LK-CoDNM | ||
| 008 | 010623t1995 xxu||||| |||| 00| 1 sin d | ||
| 040 |
_aLK-CoDNM _dLK-CoDNM _eLK-CoDNM |
||
| 041 | _asin | ||
| 080 |
_a659.3 _bVIS |
||
| 245 | _a21 වන සියවසේ මානව සංවර්ධනය | ||
| 246 | _a21 wana Siyawase Manawa Sanwardenaya | ||
| 260 |
_bSamaja Sanwardena Abyasa Ayathanaya _aColombo _c1995 |
||
| 300 | _b72p, 21 cm | ||
| 942 | _cBK | ||
| 999 |
_c116846 _d116846 |
||